| 000 | 00635cam a2200265ua 4500 | ||
|---|---|---|---|
| 020 |
_a0 85226 302 3 _c65.00 |
||
| 041 |
_aeng _h |
||
| 082 |
_a631.43 _bGHI/SO |
||
| 100 | _aGhildyal, B.P . | ||
| 245 |
_aSoil Physics / _cB.P.Ghildgal. _hTextual Documents |
||
| 250 |
_a1 / _b. |
||
| 260 |
_aNew Delhi : _bWiley Eastern Ltd , _c1987. |
||
| 300 | _a656 ; . | ||
| 365 | _a65.00 | ||
| 504 | _a | ||
| 700 | 1 | _aTripathi, R.P . | |
| 942 | _cBK | ||
| 999 |
_c1806 _d1806 |
||